| 000 | 00482nam a2200157 a 4500 | ||
|---|---|---|---|
| 020 | _a9712200140 | ||
| 040 | _cDNAL | ||
| 082 | _a630 IRR 1990 | ||
| 245 | 0 | 0 | _aTraining and technology transfer course performance objectives manual (TT1-01). |
| 260 |
_aManila, Philippines : _bIRRI, _c1990. |
||
| 300 |
_a287 p. : _bill. ; _c28 cm. |
||
| 650 | 0 | _aAgricultural extension workers | |
| 650 | 0 | _aTechnology transfer | |
| 710 | 2 | _aInternational Rice Research Institute. | |
| 942 | _cAEDBB | ||
| 999 |
_c11276 _d11276 |
||